Statistics for Nintendo Video Game Franchises

Click here to take the quiz!

General Stats

  • This quiz has been taken 40 times
  • The average score is 12 of 15

Answer Stats

DescriptionFranchise% Correct
A series where you are a human character in a village of anthropomorphic animals doing daily activities such as fishing or collecting insects. The latest game in the series is New Horizons.Animal Crossing
97%
An incredibly popular series that features lovable creatures such as Pikachu and Charizard, as well as protagonist Ash Ketchum in tv show format. Games include Red, Gold, Diamond, and Violet.Pokemon
97%
Play as a small pink balloon like creature who can suck his enemies into his mouth and fight villain King Dedede. Games include Dream Land, The Crystal Shards, and Epic Yarn.Kirby
93%
Play as Link saving the kingdom of Hyrule with the power of the Triforce. Games include A Link to the Past, Ocarina of Time, and Breath of the Wild.The Legend of Zelda
93%
A spinoff of the Mario games, roll dice on game boards and participate in mini-games to collect coins to purchase stars. Ten numbered entries in the series and many other games as well.Mario Party
90%
Samus Aran is a bounty hunter for the Federation, fighting off an evil force and the villain Ridley. Games include Echoes, Federation Force, and Dread.Metroid
90%
Another spinoff of the Mario games, this one has a very "thin" premise and turn based combat. Games include the Thousand Year Door, Sticker Star, and the Origami King.Paper Mario
83%
Play as an elite space-fighting force of anthropomorphic animals trying to defeat the evil Andross and other villains in defense of the Lylat System. Games include 64, Adventures, and Assault.Star Fox
83%
All of the members of the Nintendo franchises battle each other on stages representing their franchises. Games include Melee, Brawl, and Ultimate.Super Smash Bros.
83%
A series of turn based video games where the protagonist is typically a lord recruiting an army over a series of chapters. Class promotions and weapon triangle elements are included. Games include Shadow Dragon, Path of Radiance, and Three Houses.Fire Emblem
79%
Race as Cpt. Falcon on stages like Mute City and Big Blue in this franchise. Games include Grand Prix, X, and GXF-Zero
79%
A small series, play as Pit trying to save the Goddess Palutena with sacred relics and weapons. The latest game in the series is UprisingKid Icarus
76%
A character who initially was a villain in a Mario arcade game in a series with his friend Diddy and Dixie riding animals like rhinoceros. The latest in the series is Tropical Freeze.Donkey Kong Country
69%
Play as Mario's counterpart in his iconic yellow outfit and reversed letter hat to collect treasure. Games include various numbered entries.Wario Land
69%
Save the world or Weyard with the power of Psyenergy as Isaac or Felix and their friends in this Game boy RPG series with turn-based combat. Games include the Lost Age and Dark Dawn.Golden Sun
45%

Score Distribution

Percentile by Number Answered

Percent of People with Each Score

Your Score History

You have not taken this quiz